Manon Lescaut. Le personage romancier

Zapisane w:
Opis bibliograficzny
1. autor: Jaccard, Jean Luc
Format: Książka
Język:Undetermined
Wydane: París, Francia Librairie A. G. Nizet 1975
Hasła przedmiotowe:
Etykiety: Dodaj etykietę
Nie ma etykietki, Dołącz pierwszą etykiete!

MARC

LEADER 00000nam a2200000Ia 4500
008 170316s9999 xx 000 0 und d
090 |a 801 J-1m 
100 |a Jaccard, Jean Luc 
245 |a Manon Lescaut. Le personage romancier 
260 |a París, Francia 
260 |b Librairie A. G. Nizet 
260 |c 1975 
300 |a 254 páginas 
650 |a TEORÍA LITERARIA 
650 |a LITERTURA FRANCESA 
650 |a DISCURSO 
650 |a NARRACIÓN 
650 |a LOS PERSONAJES 
650 |a IDEALIZACIÓN 
999 |c 20375  |d 20375 
040 |a cru BVZT 
942 |c 15 D  |h 801 J-1m  |2 z